English Royal houses - Statistics

General Stats
  • This quiz has been taken 11 times
  • The average score is 7 of 15
Answer Stats
Hint Answer % Correct
They came to power after defeating house of York Tudor
100%
Current Royal house Windsor
90%
Were monarchs of Scotland before coming ruling England Stuart
80%
Where dukes in France Normandy
70%
They were German Hanover
60%
House of John of Gaunt Lancaster
60%
They claim by right to throne started the wars of the roses York
60%
Came to power after the Anarchy Plantagenet
50%
Because they came form Anjou
30%
Ruled by Stephen by the Anarchy Blois
30%
A noble house rose to kingship for a year Godwin
30%
However they are also called Angevin
20%
Danish house that conquer them Knytlinga
10%
First royal house of England and united it Wessex
10%
Noble house by his mistress children Beaufort
0%
No matching quizzes found
Score Distribution
Percent of People with Each Score
Percentile by Number Answered
Your Score History
You have not taken this quiz